Tous les pays mentionnés dans Squid Game s2 - Statistiques

Statistiques générales
  • Ce quiz a été pris 109 fois
  • Le résultat moyen est 5 sur 8
Statistiques - réponses
# Pays % Correct
1 Corée du Sud
96%
8 Corée du Nord
94%
2 États-Unis
91%
5 Chine
87%
7 Thailande
48%
4 Pakistan
38%
6 Philippines
31%
3 Vietnam
31%
Aucun quiz correspondant
Distribution des résultats
% des personnes avec chaque résultat
Percentile par nombre de réponses
Votre historique - résultats
Vous n’avez pas pris ce quiz